|
|
|
|
| LEADER |
00000nam a2200000Ii 4500 |
| 001 |
DIGUNAU0233 |
| 003 |
NyNyDIG |
| 006 |
m o d |
| 007 |
cr ||||||||||| |
| 008 |
230830s2019 ck ob 000 0 spa d |
| 035 |
|
|
|a (OCoLC)1395569575
|
| 040 |
|
|
|a DGITA
|b eng
|e rda
|e pn
|c DGITA
|
| 020 |
|
|
|z 9789585495227
|
| 050 |
1 |
4 |
|a JC251.A74 ebook
|
| 100 |
1 |
|
|a González González, Robeiro,
|e author.
|
| 245 |
1 |
0 |
|a Política y verdad :
|b relación generadora de violencia en la obra de Hannah Arendt /
|c Robeiro González González.
|
| 264 |
|
1 |
|a Medellín :
|b Ediciones UNAULA,
|c [2019]
|
| 300 |
|
|
|a 1 online resource.
|
| 336 |
|
|
|a text
|b txt
|2 rdacontent
|
| 337 |
|
|
|a computer
|b c
|2 rdamedia
|
| 338 |
|
|
|a online resource
|b cr
|2 rdacarrier
|
| 347 |
|
|
|a text file
|2 rdaft
|
| 347 |
|
|
|b PDF
|
| 490 |
1 |
|
|a Colección Humanismo
|
| 504 |
|
|
|a Includes bibliographical references.
|
| 588 |
0 |
|
|a Online resource; title from PDF title page (Digitalia, viewed August 30, 2023)
|
| 600 |
1 |
0 |
|a Arendt, Hannah,
|d 1906-1975
|x Criticism and interpretation.
|
| 600 |
1 |
0 |
|a Arendt, Hannah,
|d 1906-1975
|x Political and social views.
|
| 791 |
2 |
|
|a Digitalia (Firm),
|e distributor.
|
| 793 |
0 |
|
|g Digitalia eBook Collection:
|a Ediciones UNAULA
|
| 776 |
0 |
8 |
|i Print version:
|a González González, Robeiro.
|t Política y verdad.
|b Primera edición.
|d Medellín : Ediciones UNAULA, 2019
|z 9789585495227
|
| 830 |
|
0 |
|a Humanismo (Medellín, Colombia)
|
| 856 |
4 |
0 |
|3 Digitalia Hispánica
|u https://www.digitaliapublishing.com/a/119421/
|
| 910 |
|
|
|a Premium collection: 2023
|